山陽本線の駅 - Statistics

General Stats
  • This quiz has been taken 14 times
  • The average score is 92 of 129
Answer Stats
Answer % Correct
神戸
100%
兵庫
100%
姫路
100%
相生
100%
東岡山
100%
岡山
100%
福山
100%
三原
100%
広島
100%
岩国
100%
徳山
100%
新山口
100%
宇部
100%
下関
100%
加古川
92%
英賀保
92%
網干
92%
倉敷
92%
新倉敷
92%
尾道
92%
廿日市
92%
小野田
92%
厚狭
92%
須磨海浜公園
83%
須磨
83%
明石
83%
西明石
83%
東加古川
83%
ひめじ別所
83%
東姫路
83%
上郡
83%
和気
83%
西川原
83%
北長瀬
83%
金光
83%
東福山
83%
糸崎
83%
八本松
83%
瀬野
83%
海田市
83%
宮島口
83%
柳井
83%
防府
83%
新下関
83%
和田岬
83%
新長田
75%
垂水
75%
舞子
75%
手柄山平和公園
75%
はりま勝原
75%
三石
75%
瀬戸
75%
庭瀬
75%
西阿知
75%
笠岡
75%
松永
75%
西条
75%
安芸中野
75%
向洋
75%
新白島
75%
横川
75%
西広島
75%
五日市
75%
和木
75%
南岩国
75%
75%
下松
75%
新南陽
75%
幡生
75%
門司
75%
土山
67%
竜野
67%
有年
67%
熊山
67%
万富
67%
中庄
67%
鴨方
67%
里庄
67%
東尾道
67%
寺家
67%
中野東
67%
天神川
67%
前空
67%
大野浦
67%
大竹
67%
柳井港
67%
長府
67%
鷹取
58%
朝霧
58%
魚住
58%
宝殿
58%
吉永
58%
上道
58%
高島
58%
大門
58%
本郷
58%
河内
58%
入野
58%
白市
58%
西高屋
58%
新井口
58%
宮内串戸
58%
藤生
58%
通津
58%
由宇
58%
岩田
58%
櫛ケ浜
58%
小月
58%
大久保
50%
曽根
50%
御着
50%
玖波
50%
田布施
50%
島田
50%
大道
50%
四辻
50%
塩屋
42%
備後赤坂
42%
阿品
42%
大畠
42%
富海
42%
嘉川
42%
神代
33%
戸田
33%
本由良
33%
厚東
33%
埴生
33%
福川
25%
No matching quizzes found
Score Distribution
Percent of People with Each Score
Percentile by Number Answered
Your Score History
You have not taken this quiz